000
00337nam a2200145Ia 4500
100
_a
Rajaraman/V/ Radhakrishnan /T
250
_a
3
942
_c
BK
654
_a
digital
245
_a
Introduction to digital computer design
260
_b
prentice
_a
New Delhi
_c
1989
082
_a
621.381958
_b
RAJ
300
_a
548
546
_a
ENGLISH
999
_c
18393
_d
18393